Soccer World Cup Participant ? #1 - Statistics

General Stats
  • This quiz has been taken 41 times
    36 since last reset
  • The average score is 13 of 15
Answer Stats
Hint Answer % Correct
Sweden Correct
100%
Mexico Correct
100%
Morocco Correct
97%
Japan Correct
97%
New Zealand Correct
94%
Chile Correct
94%
Nicaragua False
90%
Luxembourg False
90%
Iceland Correct
84%
Iran Correct
84%
Paraguay Correct
84%
India False
81%
Kenya False
71%
Honduras Correct
65%
Togo Correct
61%
No matching quizzes found
Score Distribution
Percent of People with Each Score
Percentile by Number Answered
Your Score History
You have not taken this quiz since the last reset